| 000 | 01017nam a2200277 i 4500 | ||
|---|---|---|---|
| 001 | bg | ||
| 100 | 1 | _aMYCZKOWSKI, Lesław | |
| 245 | 1 | 0 |
_aPrawo spółdzielcze i mieszkaniowe : _bwzory pism z prawa materialnego i procesowego z objaśnieniami oraz CD / _cLesław Myczkowski ; przy współpr. Marcina Jędrzejczyka. |
| 250 | _aWyd. 2 uzup. i uaktual. | ||
| 260 |
_aWarszawa : _bC. H. Beck, _c2002. |
||
| 300 |
_aXIX, 552 s. ; _c25 cm + _eInstrukcja obsługi programu komputerowego : 6 s. ; 21 cm + CD-ROM. |
||
| 490 | 1 |
_aWarszawski Zbiór Pism ; _vt. 4 |
|
| 504 | _aBibliogr. Indeks. | ||
| 650 | 9 |
_aPrawo lokalowe _zPolska _ystan na 2002 r. |
|
| 650 | 9 |
_aSpółdzielczość mieszkaniowa _xprawo _zPolska _ystan na 2002 r. |
|
| 700 | 1 | _aJĘDRZEJCZYK, Marcin | |
| 830 | _aWarszawski Zbiór Pism ; | ||
| 015 | _aPB 5695/2003 | ||
| 020 | _a8372471126 | ||
| 040 | _cBPK | ||
| 041 | 0 | _apol | |
| 080 | _a347.726(438)(083) | ||
| 920 | _a83-7247-112-6 | ||
| 942 | _cKS | ||
| 008 | s pl f |000 0 pol | ||
| 999 |
_c51450 _d51450 |
||
| 856 |
_uhttp://koha.tu.koszalin.pl/cgi-bin/koha/opac-detail.pl?biblionumber=51450 _yKatalog online BPK |
||